|
|
|
|
| LEADER |
01272naa a2200301 i 4500 |
| 001 |
acta74015 |
| 005 |
20220808153931.0 |
| 008 |
211118s2020 hu o 1|| eng d |
| 020 |
|
|
|a 978-963-306-771-0
|
| 040 |
|
|
|a SZTE Egyetemi Kiadványok Repozitórium
|b hun
|
| 041 |
|
|
|a eng
|
| 100 |
1 |
|
|a Petrasheuskaya Tatsiana V.
|
| 245 |
1 |
0 |
|a Effects stepwise terminal NH2-methylation of estronesalicylaldehyde-thiosemicarbazone and copper coordination, solution speciation, anticancer activity and redox activity
|h [elektronikus dokumentum] /
|c Petrasheuskaya Tatsiana V.
|
| 260 |
|
|
|c 2020
|
| 300 |
|
|
|a 284-285
|
| 490 |
0 |
|
|a Proceedings of the International Symposium on Analytical and Environmental Problems
|v 26
|
| 650 |
|
4 |
|a Természettudományok
|
| 650 |
|
4 |
|a Kémiai tudományok
|
| 695 |
|
|
|a Kémia - előadáskivonat
|
| 700 |
0 |
1 |
|a Wernitznig Debora
|e aut
|
| 700 |
0 |
1 |
|a Kiss Márton A.
|e aut
|
| 700 |
0 |
1 |
|a May Nóra V.
|e aut
|
| 700 |
0 |
1 |
|a Wenisch Dominik
|e aut
|
| 700 |
0 |
1 |
|a Keppler Bernhard K.
|e aut
|
| 700 |
0 |
1 |
|a Frank Éva
|e aut
|
| 700 |
0 |
1 |
|a Enyedy Éva Anna
|e aut
|
| 710 |
|
|
|a International Symposium on Analytical and Environmental Problems (26.) (2020) (Szeged)
|
| 856 |
4 |
0 |
|u http://acta.bibl.u-szeged.hu/74015/1/proceedings_of_isaep_2020_284-285.pdf
|z Dokumentum-elérés
|